Estadísticas para Resultados de la Copa Mundial de Fútbol de 1950

Haz click aquí para intentar la prueba.

Estadísticas generales

  • Esta prueba ha sido intentada 283 veces
  • La puntuación promedio es 10 de 13

Respuestas en el mapa

Las respuestas están codificadas por una escala verde-roja en el mapa de la prueba según el % correcto abajo.
 

Estadísticas de respuestas

Nation% Correcto
Brasil
99%
Uruguay
96%
España
87%
Italia
86%
Estados Unidos
81%
México
81%
Inglaterra
78%
Chile
75%
Suecia
74%
Yugoslavia
72%
Suiza
66%
Paraguay
60%
Bolivia
56%

Distribución de puntuación

Porcentaje por número respondido

Porcentaje de gente con cada puntuación

Historial de tus puntuaciones

No has intentado esta prueba.